Statistics for WSL 2022 teams

Click here to take the quiz!

General Stats

  • This quiz has been taken 303 times
  • The average score is 11 of 12

Answer Stats

Answer% Correct
Arsenal
100%
Manchester United
99%
Chelsea
98%
Manchester City
98%
Aston Villa
93%
Liverpool
89%
Brighton
86%
Tottenham Hotspur
86%
West Ham
86%
Everton
79%
Leicester city
76%
Reading
70%

Score Distribution

Percentile by Number Answered

Percent of People with Each Score

Your Score History

You have not taken this quiz